000 00721nam a2200229Ia 4500
003 IN-BaIIA
008 211028s9999 xx 000 0 eng d
020 _a0-521-20016-4
040 _cIIA Library
080 _a524.834
_bHAW
100 _aHawking, S. W
_98408
245 4 _aThe Large scale structure of space-time
_cS. W. Hawking and G. F. R. Ellis
260 _aLondon
_bCambridge University Press
_c1973
300 _axi, 391p.
490 _aCambridge monographs on mathematical physics
650 _a Cosmology 
_98047
650 _a Large scale structure
_98409
650 _a Space time 
_98410
650 _aAstronomy and astrophysics thesaurus 
_91143
700 _aEllis, G. F. R.
_98411
942 _cBK
999 _c4733
_d4733